[Event "IMSA Rapid Men 2019"]
[Site "Hengshui"]
[Date "2019.05.14"]
[Round "3.8"]
[White "Bu, Xiangzhi"]
[Black "Mamedov, Rauf"]
[Result "0-1"]
[WhiteElo "2729"]
[BlackElo "2650"]
[Annotator "TA"]
[PlyCount "106"]
[EventDate "2019.05.14"]
[EventType "rapid"]
[EventCountry "CHN"]
[SourceTitle "playchess.com"]
[Source "ChessBase"]
[SourceQuality "1"]

{[%evp 12,108,20,20,22,18,13,19,20,16,24,17,8,20,15,0,0,0,10,-13,-15,-12,-8,-27,-22,-19,0,0,-7,-10,0,-41,-36,-41,-10,-8,-10,-17,-14,-17,-21,-49,-47,-55,-50,-59,-72,-58,-58,-100,-93,-90,-90,-67,-70,-93,-59,-52,-26,-29,-34,-48,-48,-45,-37,-88,-72,-98,-97,-156,-37,-150,-150,-136,-95,-87,-87,-92,-92,-99,-53,-49,-35,-143,-56,-222,-217,-224,-215,-239,-243,-631,-621,-5323,-1070,-29996,-29997,-29998,-29999]} 1. Nf3 d5 2. d4 Nf6 3. c4 e6 4. Nc3 Nbd7 5. cxd5 exd5 6. Bg5 c6 7. e3 h6 {D35: Queen's Gambit Declined: Exchange Variation} (7... Be7 8. Bd3 O-O 9. Qc2 Re8 10. O-O Nf8 11. h3 g6 12. Bf4 Ne6 13. Bh2 Ng7 14. Qb3 Qb6 15. Nd2 Bf5 16. Be2 h5 17. Rfc1 Ne6 18. a3 h4 19. Na4 Qxb3 20. Nxb3 a5 21. Nd2 {½-½ (36) Wang,H (2722)-Naiditsch,A (2721) Douglas 2018}) 8. Bh4 g5 9. Bg3 Nh5 {The position is equal.} 10. Bd3 Nxg3 11. hxg3 Bg7 12. Qc2 Qe7 $146 ({Predecessor:} 12... Nb6 13. O-O-O Be6 14. Nd2 {0-1 (46) Chatalbashev,B (2547)-Petkov,V (2474) Pleven 2016}) 13. O-O-O Nb6 14. Kb1 Be6 15. Nd2 O-O-O 16. Nb3 Kb8 17. Rc1 h5 18. Nc5 h4 19. gxh4 gxh4 20. Ne2 {[%cal Bc3e2,Be2g3,Bg3f5,Bf5e3][%mdl 32]} Bc8 21. g3 Qf6 22. Rcf1 Bf8 (22... h3 {is more complex.} 23. Rh2 Bf8 24. Rfh1 Bd6 25. a4 Bg4) 23. gxh4 Rxh4 24. Rxh4 Qxh4 25. Ng3 Qf6 26. Nb3 Bd6 27. Nf5 Bc7 28. a3 Rh8 29. Rg1 Nc4 30. e4 dxe4 31. Bxe4 Nb6 32. Ne3 Re8 33. Rd1 Qf4 34. Nc5 Nd7 {Strongly threatening ...Nxc5.} 35. Nxd7+ Bxd7 36. Bf5 Rxe3 37. Bxd7 Rf3 38. Rd2 (38. Re1 $15 Rxf2 39. Re8+ Bd8 40. Qc3 (40. Rxd8+ $2 Kc7 $19)) 38... a6 $17 39. Ka2 Ba5 40. Re2 (40. Rd1 $142) 40... Qd6 (40... Qxd4 $17 41. Re8+ Kc7) 41. Be8 (41. Re8+ $15 Ka7 42. Qc5+ Qxc5 43. dxc5) 41... Qd5+ 42. Kb1 Rh3 {White must now prevent ...Rh1+.} 43. Qc5 Rh1+ 44. Kc2 {With the idea Qxd5.} Qf3 45. Qe5+ Bc7 46. Qe4 Qh5 47. Bd7 ({Better is} 47. Rd2 $1 $15) 47... Rg1 (47... Rh4 $1 $17 {[%cal Rh4e4]} 48. Qe8+ Ka7) 48. Qd3 $2 {[#]} (48. Rd2 $15) 48... Qd5 $1 $19 49. Bf5 {[#]} Bf4 $1 {[%csl Gf4][%cal Rg1c1]} ({Don't play} 49... Qa2 50. Rd2) 50. b3 Qa5 $40 {[%mdl 128] Black goes for the king.} 51. a4 $2 (51. b4 Qd5 52. Kb2 Bc1+ 53. Kc3 Bxa3 54. Be4 Rc1+ 55. Kd2 Qa2+ 56. Ke3) 51... Qb4 52. Qf3 Rc1+ (52... Qxd4 $142 53. Qxf4+ Qxf4) 53. Kb2 Qxd4+ 0-1

[Event "IMSA Rapid Men 2019"]
[Site "Hengshui"]
[Date "2019.05.14"]
[Round "4.1"]
[White "Cheparinov, Ivan"]
[Black "Dominguez Perez, Leinier"]
[Result "1/2-1/2"]
[WhiteElo "2667"]
[BlackElo "2750"]
[Annotator "TA"]
[PlyCount "103"]
[EventDate "2019.05.14"]
[EventType "rapid"]
[EventCountry "CHN"]
[SourceTitle "playchess.com"]
[Source "ChessBase"]
[SourceQuality "1"]

{[%evp 16,103,7,14,19,13,7,13,3,0,13,7,5,10,15,10,10,10,9,9,9,14,12,6,15,0,9,14,14,0,0,0,0,0,0,0,0,-11,8,8,6,5,9,0,10,9,18,19,22,17,39,18,46,41,48,47,75,77,62,31,37,33,60,60,82,77,183,50,100,59,60,60,115,60,60,60,60,60,52,0,106,45,45,8,8,0,48,8,8,0]} 1. d4 Nf6 2. c4 e6 3. Nf3 d5 4. g3 Be7 5. Bg2 O-O 6. O-O dxc4 7. Qc2 a6 8. a4 c5 9. dxc5 Bxc5 {E05: Open Catalan: 5 Nf3 Be7} 10. Qxc4 b6 11. Ne5 Ra7 $1 12. Nd3 Be7 13. Bf4 Bb7 14. Bxb7 Rxb7 {[#]} 15. Nd2 $146 ({Predecessor:} 15. Rc1 Nd5 16. Bxb8 b5 17. axb5 axb5 {½-½ (39) Aronian,L (2794)-Hou,Y (2654) Karlsruhe/Baden-Baden 2018}) 15... Nd5 16. Bxb8 b5 17. axb5 axb5 18. Qb3 Qxb8 19. Rfc1 Rc8 20. Ne4 h6 21. Rxc8+ Qxc8 22. Rc1 Rc7 23. Rxc7 Nxc7 24. Qc3 Qb7 25. Nd2 Nd5 26. Qc2 Qc7 (26... Nb4 {is interesting.} 27. Nxb4 Bxb4 28. Qd3 Be7 29. Nf3 Bf6) 27. Qxc7 Nxc7 $11 {[%mdl 4096] Endgame KBN-KNN} 28. f4 Kf8 29. Kf2 Ke8 30. e4 Bd6 31. Nb3 Kd7 32. Nd4 Kc8 33. Kf3 Kb7 34. e5 Bf8 35. g4 Kb6 36. f5 {Black must now prevent fxe6.} Bc5 37. Ne2 Kc6 38. Ke4 Ba7 39. h4 Nd5 40. Nef4 Nc7 (40... exf5+ $16 41. gxf5 Nxf4 42. Nxf4 Bc5) 41. Nh5 (41. f6 $1 $18 {[%cal Rf6g7]} Ne8 42. Nxe6 $1 {[%mdl 512]} gxf6 43. Nd8+ {[%mdl 64] Double Attack} Kd7 44. Nxf7) 41... Ne8 42. f6 g6 $1 {[%cal Rg6h5]} 43. Nhf4 {aiming for Nxg6!} Kd7 $1 44. h5 (44. Nxg6 $1 $16 fxg6 45. Nf4) 44... gxh5 $14 45. gxh5 Nc7 46. Nh3 Nd5 {[#]} 47. Nhf2 (47. Ng5 $1 $14 {[%mdl 512]} Ke8 (47... hxg5 48. h6) 48. Nf3) 47... Be3 {[#]} (47... Ne3 $1 $11 {remains equal.}) 48. Ng4 (48. Kf3 $1 $16) 48... Bg5 49. Nc5+ Kc6 50. Nd3 Kd7 $1 51. Kd4 Kc6 52. Ke4 {Accuracy: White = 50%, Black = 50%.} 1/2-1/2

[Event "IMSA Rapid Men 2019"]
[Site "Hengshui"]
[Date "2019.05.14"]
[Round "4.2"]
[White "Fedoseev, Vladimir"]
[Black "Vidit, Santosh Gujrathi"]
[Result "1-0"]
[WhiteElo "2683"]
[BlackElo "2707"]
[Annotator "ChessBase"]
[PlyCount "125"]
[EventDate "2019.05.14"]
[EventType "rapid"]
[EventCountry "CHN"]
[SourceTitle "playchess.com"]
[Source "ChessBase"]
[SourceQuality "1"]
[TimeControl "900+10"]

1. d4 {[%emt 0:00:00]} Nf6 {[%emt 0:00:00]} 2. Nf3 {[%emt 0:00:00]} g6 {[%emt 0:00:27]} 3. b3 {[%emt 0:00:41]} Bg7 {[%emt 0:00:22]} 4. Bb2 {[%emt 0:00:01]} d5 {[%emt 0:00:52]} 5. e3 {[%emt 0:00:15]} O-O {[%emt 0:00:30]} 6. Be2 {[%emt 0:01:04]} c5 {[%emt 0:00:42]} 7. dxc5 {[%emt 0:00:15]} Qa5+ {[%emt 0:00:03]} 8. Nbd2 {[%emt 0:00:02]} Ne4 {[%emt 0:00:16]} 9. Bxg7 {[%emt 0:02:09]} Kxg7 {[%emt 0:00:01]} 10. Qc1 {[%emt 0:01:26]} Nc6 {[%emt 0:07:17]} 11. a3 {[%emt 0:03:44]} Qxc5 {[%emt 0:00:42]} 12. Nxe4 {[%emt 0:00:22]} dxe4 {[%emt 0:00:01]} 13. Qb2+ {[%emt 0:00:01]} f6 {[%emt 0:00:07]} 14. Nd2 {[%emt 0:00:08]} Qg5 {[%emt 0:00:09]} 15. g4 {[%emt 0:01:46]} Qe5 {[%emt 0:03:01]} 16. O-O-O {[%emt 0:01:39]} Qxb2+ {[%emt 0:00:17]} 17. Kxb2 {[%emt 0:00:01]} f5 {[%emt 0:00:01]} 18. gxf5 {[%emt 0:01:13]} Bxf5 {[%emt 0:00:11]} 19. h4 {[%emt 0:00:35]} Rad8 {[%emt 0:00:12]} 20. h5 {[%emt 0:00:19]} g5 {[%emt 0:00:04]} 21. h6+ {[%emt 0:00:01]} Kf6 {[%emt 0:00:19]} 22. Nf1 {[%emt 0:00:08]} Rxd1 {[%emt 0:00:07]} 23. Bxd1 {[%emt 0:00:01]} Bg6 {[%emt 0:00:44]} 24. Ng3 {[%emt 0:00:06]} Ne5 {[%emt 0:00:14]} 25. Kc3 {[%emt 0:00:24]} g4 {[%emt 0:00:08]} 26. Ne2 {[%emt 0:00:35]} Rc8+ {[%emt 0:00:44]} 27. Kb2 {[%emt 0:00:09]} Nf3 {[%emt 0:00:09]} 28. Nf4 {[%emt 0:00:18]} e5 {[%emt 0:00:08]} 29. Nd5+ {[%emt 0:00:04]} Kg5 {[%emt 0:00:03]} 30. c4 {[%emt 0:00:07]} Rf8 {[%emt 0:00:10]} 31. Kc3 {[%emt 0:01:32]} Nh4 {[%emt 0:00:15]} 32. Rh2 {[%emt 0:00:17]} Nf5 {[%emt 0:00:04]} 33. Bc2 {[%emt 0:00:10]} Nxh6 {[%emt 0:00:04]} 34. Ne7 {[%emt 0:00:01]} Nf5 {[%emt 0:01:43]} 35. Nxg6 {[%emt 0:00:05]} Kxg6 {[%emt 0:00:05]} 36. Bxe4 {[%emt 0:00:14]} b6 {[%emt 0:00:01]} 37. b4 {[%emt 0:00:42]} h5 {[%emt 0:00:08]} 38. c5 {[%emt 0:00:02]} bxc5 {[%emt 0:00:01]} 39. bxc5 {[%emt 0:00:01]} Kg5 {[%emt 0:00:06]} 40. Bxf5 {[%emt 0:00:36]} Rxf5 {[%emt 0:00:51]} 41. Kc4 {[%emt 0:00:01]} h4 {[%emt 0:00:04]} 42. c6 {[%emt 0:00:01]} Rf8 {[%emt 0:00:25]} 43. Kd5 {[%emt 0:00:04]} g3 {[%emt 0:00:10]} 44. fxg3 {[%emt 0:00:13]} hxg3 {[%emt 0:00:00]} 45. Rh1 {[%emt 0:00:07]} Kg4 {[%emt 0:00:06]} 46. c7 {[%emt 0:00:28]} g2 {[%emt 0:00:05]} 47. Rc1 {[%emt 0:00:23]} Kf3 {[%emt 0:00:05]} 48. Kxe5 {[%emt 0:00:14]} Kxe3 {[%emt 0:00:23]} 49. Kd6 {[%emt 0:00:05]} Kf2 {[%emt 0:00:18]} 50. Kd7 {[%emt 0:00:01]} Rf7+ {[%emt 0:00:13]} 51. Kc6 {[%emt 0:00:04]} Rf8 {[%emt 0:00:08]} 52. Kb7 {[%emt 0:00:01]} a5 {[%emt 0:00:13]} 53. c8=Q {[%emt 0:00:10]} Rxc8 {[%emt 0:00:01]} 54. Kxc8 {[%emt 0:00:01]} g1=Q {[%emt 0:00:18]} 55. Rxg1 {[%emt 0:00:00]} Kxg1 {[%emt 0:00:01]} 56. Kb7 {[%emt 0:00:01]} Kf2 {[%emt 0:00:02]} 57. Kb6 {[%emt 0:00:03]} a4 {[%emt 0:00:14]} 58. Kb5 {[%emt 0:00:02]} Ke3 {[%emt 0:00:02]} 59. Kxa4 {[%emt 0:00:01]} Kd4 {[%emt 0:00:02]} 60. Kb5 {[%emt 0:00:00]} Kd5 {[%emt 0:00:04]} 61. a4 {[%emt 0:00:01]} Kd6 {[%emt 0:00:01]} 62. Kb6 {[%emt 0:00:01]} Kd7 {[%emt 0:00:01]} 63. Kb7 {[%emt 0:00:01]} 1-0

[Event "IMSA Rapid Men 2019"]
[Site "Hengshui"]
[Date "2019.05.14"]
[Round "4.3"]
[White "Gelfand, Boris"]
[Black "Le, Quang Liem"]
[Result "1/2-1/2"]
[WhiteElo "2676"]
[BlackElo "2704"]
[Annotator "TA"]
[PlyCount "94"]
[EventDate "2019.05.14"]
[EventType "rapid"]
[EventCountry "CHN"]
[SourceTitle "playchess.com"]
[Source "ChessBase"]
[SourceQuality "1"]

{[%evp 19,94,16,14,13,20,23,24,17,18,23,27,12,23,23,11,0,-4,-19,-14,-17,-18,-27,-9,-8,-8,-10,-3,-8,-13,-10,-15,-18,-17,-32,-37,-28,-30,-20,-18,-19,-22,-39,-32,-47,0,0,0,0,0,-25,0,0,0,-16,0,-54,0,0,0,0,0,0,0,0,0,0,0,0,0,0,0,0,0,0,0,0,0]} 1. c4 e5 2. Nc3 Nf6 3. Nf3 Nc6 4. g3 d5 5. cxd5 Nxd5 6. Bg2 Nb6 7. O-O Be7 8. a3 O-O 9. b4 Re8 10. d3 Bf8 11. Bg5 {A29: English Opening: Four Knights Variation with 4 g3} f6 12. Be3 Be6 13. Ne4 {White has an edge.} Nd5 $146 ({Predecessor:} 13... Kh8 14. Bc5 Bd5 15. Bxf8 Rxf8 16. Nc5 Rb8 17. Rc1 Qe7 18. e4 Bf7 {1-0 (39) Dubov,D (2703)-Kevlishvili,R (2451) St Petersburg 2018}) 14. Bc5 Bd6 15. Qc2 Rc8 16. Rfc1 Qd7 17. Ned2 b6 18. Bxd6 cxd6 19. Qb2 b5 20. Rc2 Nb6 21. Rac1 Ne7 {[%cal Bc6e7,Be7d5,Bd5c3][%mdl 32]} 22. d4 Na4 23. Qb1 Nd5 24. Rxc8 Rxc8 25. Rxc8+ Qxc8 26. e4 Ndc3 27. Qe1 a6 28. Bf1 Kf8 29. d5 Bd7 30. Nb3 f5 31. Nfd2 Nxe4 32. Nxe4 fxe4 33. Qxe4 Kg8 34. Qh4 {Strongly threatening Qe7.} Nb6 35. Bd3 g6 36. Be4 Nc4 37. Na5 (37. Qg5 $11) 37... Nxa5 (37... Nd2 $1 $15 38. Nc6 Qf8) 38. bxa5 $11 {The position is equal.} Bh3 {[%cal Rc8c1]} 39. Bc2 Qxc2 {[%cal Rc2d1]} 40. Qxh3 {[%mdl 4096] Endgame KQ-KQ} Qd1+ {[%mdl 64] [#] Double Attack} 41. Kg2 {Hoping for Qc8+.} Qxd5+ 42. Kg1 Qc5 {Black wants to play ...Qc1+.} 43. Qe6+ Kg7 44. Qe7+ Kg8 45. Qe8+ Kg7 46. Qe7+ Kg8 47. Qe8+ Kg7 {Accuracy: White = 71%, Black = 61%.} 1/2-1/2

[Event "IMSA Rapid Men 2019"]
[Site "Hengshui"]
[Date "2019.05.14"]
[Round "4.4"]
[White "Yu, Yangyi"]
[Black "Korobov, Anton"]
[Result "0-1"]
[WhiteElo "2739"]
[BlackElo "2687"]
[Annotator "TA"]
[PlyCount "130"]
[EventDate "2019.05.14"]
[EventType "rapid"]
[EventCountry "CHN"]
[SourceTitle "playchess.com"]
[Source "ChessBase"]
[SourceQuality "1"]

{[%evp 14,130,30,29,18,4,27,20,33,27,30,30,32,33,21,21,53,14,17,13,12,5,10,-10,15,-17,12,-50,-55,-59,-48,-76,-39,-30,-10,-17,-14,-19,8,8,53,52,52,52,53,53,53,53,52,50,51,50,33,48,40,50,193,191,305,271,242,163,418,440,435,434,409,395,417,416,431,426,401,306,306,306,306,306,306,306,306,306,270,168,171,8,8,8,8,8,8,-935,-914,-600,-29962,-29962,-29965,-29965,-29964,-29961,-29965,-29962,-29966,-29975,-29976,-29974,-29977,-29977,-29978,-29978,-29979,-29978,-29980,-29980,-29980,-29980,-29981,-29982,-29981]} 1. d4 d5 2. c4 c6 3. Nf3 Nf6 4. Nc3 e6 5. Bg5 h6 6. Bxf6 Qxf6 7. e3 Nd7 8. Be2 g6 {D43: Semi-Slav: 5 Bg5 h6} (8... dxc4 9. O-O Bd6 10. Bxc4 Qe7 11. Rc1 O-O 12. Ne4 Bc7 13. Bb3 Kh8 14. Nc5 Nxc5 15. Rxc5 Rd8 16. Qc2 Bd7 17. Qe4 Bd6 18. Rc3 Rac8 19. Rfc1 Be8 20. h3 Rc7 21. a3 Rdc8 22. Bc2 g6 23. Nd2 c5 24. Bb3 {½-½ (24) Mamedyarov,S (2817)-Dubov,D (2703) St Petersburg 2018}) 9. O-O Bg7 10. cxd5 exd5 {The position is equal.} 11. b4 {[%cal Bb2b4,Bb4b5][%mdl 32]} a6 12. a4 O-O 13. b5 a5 14. Rc1 $146 ({Predecessor:} 14. bxc6 bxc6 15. Rb1 Rd8 16. Qc2 Nb8 17. Rb6 Qe7 18. Rc1 Be6 {0-1 (18) Schmalz,P (2191)-Elias,H (2125) ICCF email 2017}) 14... Re8 15. Qb3 Qd6 16. Rfd1 Nf8 17. Nb1 Bd7 18. Qa3 Qb4 {[%cal Rc6b5]} 19. Ne1 (19. Qa2 {is interesting.} Qd6 20. Nc3 Rac8 21. h3 Rb8 22. Qd2) 19... Ne6 {[%cal Re6d4] Hoping for ...Nxd4!} 20. Nc2 (20. Qa2 $11) 20... Qxa3 $15 21. Nbxa3 Bf8 22. Rb1 c5 23. Bf3 cxd4 24. Bxd5 dxe3 {aiming for ...e2.} 25. Bxb7 exf2+ 26. Kf1 Rad8 {[#]} 27. Rxd7 $1 {[%mdl 576] Remove Defender} Rxd7 28. Bc6 Red8 29. Bxd7 Rxd7 30. b6 Nd8 31. Nc4 ({But not} 31. Kxf2 Rd2+ 32. Ke3 Rxg2 $15) 31... Nb7 $1 32. Kxf2 Rd3 33. Ke2 Rc3 34. N2e3 Bb4 {[#]} (34... f5 $14) 35. Rd1 $1 $18 Rb3 (35... Bf8 {was called for.} 36. Rd7 Nc5) 36. Rd7 Nc5 37. Rc7 {Nd5 is the strong threat.} Ne6 $2 (37... Nxa4 {was necessary.} 38. b7 Bf8 39. Nxa5 Rb2+ 40. Rc2 Rxc2+ 41. Nxc2 Bd6) 38. Rc8+ Bf8 39. Nd5 Kg7 40. Nxa5 Rb2+ 41. Kd3 Nc5+ 42. Rxc5 Bxc5 {[%mdl 4096] Endgame KRB-KNN} 43. b7 Bd6 44. Nc4 Rxb7 45. Nxd6 Rb2 46. a5 Rxg2 47. Nc3 Rxh2 48. a6 Rh1 {[#]} 49. Ne8+ $2 (49. Kc4 $1 $18 {[%cal Rc4b5]} Ra1 50. Kb5 Rxa6 51. Kxa6) 49... Kf8 $132 {[%mdl 2048] Black has counterplay} 50. Nc7 {next a7 is good for White.} Ra1 51. N3b5 h5 $1 {[%cal Rh5h4] White must now prevent ...h4.} 52. a7 $2 {[%mdl 8192]} (52. Ke2 $11) 52... h4 $19 53. Ke2 h3 54. Kf2 {Black mates.} h2 55. a8=Q+ Rxa8 56. Kg2 Ra2+ 57. Kh1 g5 58. Nd6 g4 59. Nf5 Rf2 60. Ng3 f5 61. Nd5 f4 62. Nxf4 Rxf4 63. Kxh2 Kf7 64. Kg2 Kg6 65. Nf1 Ra4 {Accuracy: White = 57%, Black = 60%.} 0-1

[Event "IMSA Rapid Men 2019"]
[Site "Hengshui"]
[Date "2019.05.14"]
[Round "4.5"]
[White "Rapport, Richard"]
[Black "Andreikin, Dmitry"]
[Result "0-1"]
[WhiteElo "2736"]
[BlackElo "2722"]
[Annotator "TA"]
[PlyCount "84"]
[EventDate "2019.05.14"]
[EventType "rapid"]
[EventCountry "CHN"]
[SourceTitle "playchess.com"]
[Source "ChessBase"]
[SourceQuality "1"]

{[%evp 15,84,-7,0,-2,0,-14,-14,-23,-24,-27,21,-23,-28,-27,0,0,0,0,0,0,20,-9,-3,-24,-32,-18,-14,-102,-102,-173,-166,-167,-151,-160,-163,-159,-159,-162,-150,-159,-148,-161,-158,-150,-144,-239,-85,-297,-171,-147,-143,-306,-47,-302,-294,-648,-665,-642,-639,-1063,-375,-605,-410,-406,-383,-693,-668,-1460,-1384,-1226,-1194]} 1. e4 e5 2. Bc4 Nc6 3. d3 Nf6 4. Nc3 Bb4 5. Nge2 d5 6. exd5 Nxd5 7. O-O Be6 8. Bxd5 Bxd5 9. f4 {C28: Vienna Game: 2...Nf6 3 Bc4 Nc6} O-O (9... f6 10. fxe5 Nxe5 11. Nxd5 Qxd5 12. Nf4 Qf7 13. c3 Bd6 14. d4 O-O-O 15. Qa4 a6 16. dxe5 Bc5+ {½-½ (79) Mons,L (2554)-Ragger,M (2701) Austria 2019}) 10. f5 Bxc3 11. bxc3 {The position is equal.} f6 $1 12. Ng3 b5 13. Ba3 $146 ({Predecessor:} 13. Qg4 Kh8 14. a4 a6 15. Be3 Qd7 16. Rfb1 Rab8 17. axb5 axb5 {0-1 (44) Lim,Y (2330)-Borisek,J (2508) Turin 2006}) 13... Rf7 14. Bc5 Nb8 15. a4 Nd7 16. Be3 a6 17. Qg4 Bc6 18. axb5 axb5 19. Rfb1 Nb6 20. Bxb6 cxb6 21. Qb4 (21. Rxa8 $11 {keeps the balance.} Qxa8 22. Ne4) 21... Ra5 $17 22. Nf1 {[#]} (22. Qb2 $17 {was called for.}) 22... Bxg2 $1 $19 {[%mdl 512]} 23. Ne3 (23. Kxg2 Qa8+) 23... Bc6 24. Rxa5 bxa5 25. Qc5 Be8 26. c4 b4 27. Nd5 Rb7 $1 28. Kf2 h6 29. Ke3 Kh7 30. Kd2 (30. Qf8 $17 Rf7 31. Qc5) 30... Qd7 $2 (30... Bf7 $1 $19 {and Black stays clearly on top.} 31. Ra1 Qd7 32. Rxa5 b3 33. cxb3 Rxb3) 31. Rf1 $2 (31. Qxa5 $17 {was the only chance.} Qxf5 32. Qc5) 31... b3 (31... Bf7 $142 32. Qxa5 e4 $1 {[%mdl 512]} 33. Nxb4 (33. dxe4 $2 Qd6 $19) 33... exd3 34. Nxd3 Bxc4) 32. cxb3 Rxb3 33. Qxa5 $2 {[#]} (33. Qe7 $17 Qxe7 34. Nxe7) 33... Bf7 $2 ({Black should try} 33... e4 $1 $19 {[%mdl 512]} 34. dxe4 Qd6 $1 {[%mdl 512]}) 34. Kc2 $2 {[%mdl 8192]} (34. Qc7 $1 $15 Qxc7 35. Nxc7) 34... Rb7 {White must now prevent ...Bxd5.} 35. Kd2 $2 (35. Nc3) 35... Rb2+ 36. Kc3 Qb7 {[%csl Gb2][%cal Rb7b3]} 37. Nb4 {[#]} Rxh2 $2 (37... Qg2 $1 {[%csl Gb2][%cal Rg2d2][%mdl 512]} 38. Rd1 Qf2) 38. Rg1 $2 (38. Ra1 Qc8 39. Qa8 Qxf5 40. Qe4 Qxe4 41. dxe4) 38... Qf3 {...Qf4 is the strong threat.} 39. Qa7 Qe2 {[%csl Gh2][%cal Re2b2]} 40. Qa1 $2 (40. Rb1 Be8 41. Kb3) 40... e4 {Hoping for ...exd3.Black is clearly winning.} 41. Rg3 exd3 42. Rxd3 Rh4 {Accuracy: White = 37%, Black = 59%.} 0-1

[Event "IMSA Rapid Men 2019"]
[Site "Hengshui"]
[Date "2019.05.14"]
[Round "4.6"]
[White "Mamedov, Rauf"]
[Black "Ponomariov, Ruslan"]
[Result "0-1"]
[WhiteElo "2650"]
[BlackElo "2675"]
[Annotator "TA"]
[PlyCount "94"]
[EventDate "2019.05.14"]
[EventType "rapid"]
[EventCountry "CHN"]
[SourceTitle "playchess.com"]
[Source "ChessBase"]
[SourceQuality "1"]

{[%evp 16,110,0,0,0,0,0,0,0,-18,-12,-45,-23,-66,-37,-37,-39,-45,-18,-20,0,0,10,9,8,7,18,0,65,6,6,11,7,8,9,7,53,8,0,-36,-37,-72,-57,-71,-64,-68,-68,-61,-49,-186,-63,-120,-120,-120,-120,-119,-70,-68,-72,-76,-70,-75,-75,-80,-77,-78,-87,-181,-148,-150,-114,-175,-175,-265,-261,-316,-220,-452,-414,-418,-266,-372,-283,-684,-551,-1188,-1190,-1032,-971,-29981,-29982,-29982,-29983,-29983,-29984,-29978,-6786]} 1. e4 e5 2. Nf3 Nc6 3. d4 exd4 4. Bc4 Bc5 5. Ng5 Nh6 6. Nxf7 Nxf7 7. Bxf7+ Kxf7 8. Qh5+ g6 9. Qxc5 d5 {C44: Ponziani Opening and Scotch Gambit} 10. O-O dxe4 11. c3 Bf5 {The position is equal.} (11... Be6 12. Bf4 Qd5 13. cxd4 Qxd4 14. Qc1 Bc4 15. Re1 Bd3 16. Nc3 Rhe8 17. Bxc7 {½-½ (69) Grischuk,A (2766)-Karjakin,S (2773) Saint Louis 2018}) 12. Bf4 Re8 13. Na3 {[%cal Bb1a3,Ba3c4,Bc4d2,Bd2e4,Be4g5][%mdl 32]} a6 $146 ({Predecessor:} 13... d3 14. Nb5 Rc8 15. Nxa7 Nxa7 16. Qxa7 {1-0 (16) Fuentes,R (2215)-Steger,A (2029) San Francisco 2014}) 14. Rad1 {[%cal Rc3d4]} d3 15. Nc4 Qe7 16. Qe3 Kg8 {Black wants to play ...Bg4.} 17. Qg3 Be6 18. Nd2 Bxa2 19. Rfe1 Qf7 20. Nxe4 Bd5 21. Ng5 Rxe1+ 22. Rxe1 Re8 $1 $132 {[%cal Re8e1][%mdl 2048] Black is not holding back} 23. Rxe8+ Qxe8 {[%cal Re8e1]} 24. Qxd3 Qe1+ 25. Qf1 Qxf1+ 26. Kxf1 $11 {[%mdl 4096] Endgame KBN-KBN} Na5 27. Bxc7 Nc4 28. b4 b6 $1 29. Ke2 a5 $1 {[%cal Ra5a4]} 30. bxa5 bxa5 31. Kd3 a4 {...a3 is the strong threat.} 32. Kc2 (32. Nf3 $15) 32... Bxg2 ({Black should try} 32... h6 $1 $19 {[%cal Rh6g5]} 33. Nf3 Be4+ 34. Kc1 a3) 33. f3 (33. Kb1 $1 $15) 33... h6 $17 34. Ne4 Bxf3 35. Nd2 Ne3+ 36. Kd3 Nd5 37. Bd6 Bg2 38. c4 Nf6 39. Kd4 Kf7 40. Nb1 Ke6 41. Bf8 (41. Bc7 $17) 41... h5 $19 42. Nc3 Bc6 43. Kc5 (43. Bh6 $17 {keeps fighting.}) 43... Be8 {And now ...Nd7+ would win.} 44. Kb4 (44. Kd4 $142) 44... Ng4 $1 45. h4 Ne3 46. Nd5 $2 (46. Bh6 {only move.} Nc2+ 47. Kc5) 46... Nf5 47. Nc7+ Kf7 {Played: Ke6-d7} 0-1

[Event "IMSA Rapid Men 2019"]
[Site "Hengshui"]
[Date "2019.05.14"]
[Round "4.7"]
[White "Bu, Xiangzhi"]
[Black "Wang, Hao"]
[Result "1-0"]
[WhiteElo "2729"]
[BlackElo "2735"]
[Annotator "TA"]
[PlyCount "85"]
[EventDate "2019.05.14"]
[EventType "rapid"]
[EventCountry "CHN"]
[SourceTitle "playchess.com"]
[Source "ChessBase"]
[SourceQuality "1"]

{[%evp 23,85,0,12,8,5,5,26,14,14,16,12,15,43,27,60,0,43,0,0,-27,0,4,32,32,32,32,32,45,32,0,42,0,0,0,227,227,227,227,227,229,247,258,231,237,306,313,331,325,357,353,353,353,369,365,1145,808,1401,576,1249,1229,858,520,29991,29992]} 1. Nf3 d5 2. d4 Nf6 3. c4 e6 4. Nc3 dxc4 5. e3 a6 6. a4 c5 7. Bxc4 Nc6 8. O-O cxd4 9. exd4 Be7 10. Re1 O-O 11. Bg5 Nb4 12. Qe2 Bd7 13. d5 {D27: Queen's Gambit Accepted: Classical main line: 7 e4!? and 7 a4} Nbxd5 14. Nxd5 exd5 15. Qxe7 {aiming for Bxf6.White has an edge.} dxc4 16. Bxf6 $146 ({Predecessor:} 16. Qb4 h6 17. Bh4 Be6 18. Rad1 Qc7 19. Bxf6 gxf6 20. Nd4 Rfe8 {0-1 (36) Iliushkin,E (2292)-Vulfson,V (2412) Samara 2002}) 16... gxf6 17. Qe4 Qc7 18. Qh4 {[%mdl 1024] White has compensation.} Qc6 19. Nd2 ({White should play} 19. Re4 $14) 19... Rfe8 20. Ne4 (20. Qxc4 Rxe1+ 21. Rxe1 Qxc4 $15) 20... Re6 $1 21. Re3 Rae8 {[%cal Re6e4]} 22. Rae1 f5 23. Ng5 {[%mdl 64] [#] Double Attack} Rh6 24. Rxe8+ Bxe8 25. Qf4 {Strongly threatening Qb8!} Bd7 $1 {...Qd6 is the strong threat.} 26. h4 $40 {[%mdl 128] And now Qb8+ would win. White mounts an attack.} Rd6 27. Nf3 h6 28. Ne5 Qd5 $2 (28... Qxa4 $11 29. Qg3+ Kf8) 29. Nxd7 $18 {[%mdl 64] [#] Overworked Piece} ({Stronger than} 29. Qxc4 Qxc4 30. Nxc4 Rd4 $17) (29. Nxc4 Rg6 $11) 29... Rxd7 30. Qxh6 {[%cal Re1e8][%mdl 4096] Endgame KQR-KQR} Rd8 31. Re3 {[%cal Re3g3]} f4 32. Qxf4 {Threatens to win with Qh6.} Rd6 33. Re5 Qd4 34. Re4 Qd1+ 35. Kh2 Rg6 36. Rxc4 ({But not} 36. Re8+ Kg7 $18) 36... Qd5 {[%csl Gg6][%cal Rd5g2]} 37. f3 Qe6 38. h5 Rg7 $2 (38... Rh6 39. Qg5+ Kh7) 39. Re4 Qd7 40. Rd4 (40. Qb8+ $142 Kh7 41. Re8 Qxe8 42. Qxe8) 40... Qc8 41. h6 Rg6 42. Rd6 Qc5 (42... b5 $18 43. axb5 axb5) 43. Rd8+ {Accuracy: White = 62%, Black = 23%.} 1-0